| 000 | 00411nam a22001577a 4500 | ||
|---|---|---|---|
| 082 | _aP-529 | ||
| 100 |
_aSaqib Hussain _948303 |
||
| 245 | _aPartial replacement of cement and sand with bagasse ash/ | ||
| 260 |
_aRisalpur: _bMCE _cc2013 |
||
| 300 |
_a88p,; _c26cm |
||
| 526 |
_a0 _b0 _c0 _dP_529 |
||
| 526 |
_a0 _b0 _c0 _dP_529 |
||
| 650 | _aProject | ||
| 700 |
_aShahzad ul Hassan amir _948263 |
||
| 942 |
_2ddc _cBK |
||
| 999 |
_c551291 _d551291 |
||